000 00344 a2200157 4500
001 71317
020 _a8532246796
040 _cAnchieta - Colégio São Paulo
100 _aGaldino, Luiz
240 1 0 _aO rapto de Helena
_lpor
245 1 0 _aO rapto de Helena
300 _a87
362 0 _a2001
650 4 _aLiteratura juvenil
942 _cBK
999 _c71317
_d71317